Bytový dom

Gespeichert in:
Bibliographische Detailangaben
1. Verfasser: Koneková, Katarína (Verfasst von)
Weitere Verfasser: Hanko, Martin (Betreuung Doktorarbeit)
Format: Manuskript Buch
Sprache:Slowakisch
Veröffentlicht: 2025
Schlagworte:
Online-Zugang:http://is.stuba.sk/zp/portal_zp.pl?podrobnosti=179309
CRZP
Tags: Tag hinzufügen
Keine Tags, Fügen Sie das erste Tag hinzu!

MARC

LEADER 00000ntm a22000003a 4500
001 stuzp99203
003 SK-STU
005 20250725111723.3
007 ta
008 150427s2015----xo-----f-mn---000-0-slo-d
040 |a STU  |b slo 
041 0 |a slo 
100 1 |a Koneková, Katarína  |u 010270  |4 aut  |U SvF Stavebná fakulta  |T SvF Katedra technológie stavieb  |X 110510  |U V270  |Y 28  |7 110510 
242 0 1 |a Residential house  |y eng 
245 1 0 |a Bytový dom 
260 |c 2025 
650 4 |a technická správa  |2 slo 
650 4 |a predsadená montáž okien  |2 slo 
650 4 |a projekt organizácie výstavby  |2 slo 
650 4 |a pre-installed window installation  |2 eng 
650 4 |a technical report  |2 eng 
650 4 |a construction organization project  |2 eng 
700 1 |a Hanko, Martin  |u 010270  |k Z1  |4 ths  |U SvF Stavebná fakulta  |T SvF Katedra technológie stavieb  |X 49405  |U V270  |Y 28  |7 A000049405 
856 4 |u http://is.stuba.sk/zp/portal_zp.pl?podrobnosti=179309 
856 4 |u https://opac.crzp.sk/?fn=detailBiblioForm&sid=C9A1C75A261DD259FC83451E26A3  |z CRZP